Estadísticas para 15 paises mas grandes

Haz click aquí para intentar la prueba.

Estadísticas generales

  • Esta prueba ha sido intentada 63 veces
  • La puntuación promedio es 12 de 15

Estadísticas de respuestas

HintResponder% Correcto
9,6MkmChina
100%
9,5MkmEstados unidos
100%
17,1MkmRusia
100%
9,9MkmCanada
98%
7,6MkmAustralia
96%
8,5MkmBrasil
95%
3,2MkmIndia
93%
2,7MkmArgentina
91%
1,96MkmMéxico
88%
2,3MkmRepublica democratica del congo
82%
2,38MkmArgelia
80%
2,1MkmArabia saudi
71%
1,90MkmIndonesia
71%
2,2MkmDinamarca
36%
2,6MkmKasajistan
14%

Distribución de puntuación

Porcentaje por número respondido

Porcentaje de gente con cada puntuación

Historial de tus puntuaciones

No has intentado esta prueba.